00000000nam 2200000zi 4500
0019.946598
003CaOODSP
00520250115131630
006m     o  d f      
007cr |n|||||||||
008250107s1975    oncbd   ob   f000 0 eng d
040 |aCaOODSP|beng|erda|cCaOODSP
043 |an-cn-ab
0861 |aEn57-46/17E-PDF
1001 |aSavdie, Isaac, |eauthor.
24510|aEffect of urban expansion on fuel consumption for space heating / |cby I. Savdie.
264 1|aToronto : |bAtmospheric Environment Service, Applications and Consultation Division, |c[1975]
300 |a1 online resource (5 pages, 10 unnumbered pages) : |bmap, charts.
336 |atext|btxt|2rdacontent
337 |acomputer|bc|2rdamedia
338 |aonline resource|bcr|2rdacarrier
4901 |aProject report (Canada. Meteorological Applications Branch) ; |vno. 17
500 |aDigitized edition from print [produced by Environment and Climate Change Canada].
500 |aTitle from cover.
504 |aIncludes bibliographical references.
650 0|aDwellings|xEnergy consumption|zAlberta|xForecasting.
650 0|aDwellings|xHeating and ventilation|zAlberta.
650 0|aDwellings|zAlberta|xStatistics.
650 6|aHabitations|xConsommation d'énergie|zAlberta|xPrévision.
650 6|aHabitations|xChauffage et ventilation|zAlberta.
650 6|aHabitations|zAlberta|xStatistiques.
7101 |aCanada. |bMeteorological Applications Branch. |bApplications and Consultation Division, |eissuing body.
830#0|aProject report (Canada. Meteorological Applications Branch)|vno. 17.|w(CaOODSP)9.883702
85640|qPDF|s18,799 KB|uhttps://publications.gc.ca/collections/collection_2025/eccc/en57/En57-46-17-eng.pdf